| 000 | 00480nam a2200193Ia 4500 | ||
|---|---|---|---|
| 003 | LK-CoDNM | ||
| 008 | 010623t1994 xxu||||| |||| 00| 1 sin d | ||
| 040 |
_aLK-CoDNM _dLK-CoDNM _eLK-CoDNM |
||
| 041 | _asin | ||
| 080 | _ax 398.3 SIR | ||
| 100 | _aSiripala, Madakumbure Normen | ||
| 245 | _aකමත් හෑල්ල | ||
| 246 | _aKamath hella | ||
| 260 |
_bS.Godage _aColombo _c1994 |
||
| 300 | _b120, 21.5 cm | ||
| 650 | _aCulture | ||
| 650 | _aFolklore | ||
| 942 | _cBK | ||
| 999 |
_c116549 _d116549 |
||